|
|
|
|
| LEADER |
02121nam a2200565 a 4500 |
| 001 |
nkc20122416693 |
| 003 |
CZ PrNK |
| 005 |
20121228093854.0 |
| 007 |
ta |
| 008 |
121120s2012 xr ace f 000 0 cze |
| 015 |
|
|
|a cnb002416693
|
| 020 |
|
|
|a 978-80-87090-57-2
|q (váz.)
|
| 035 |
|
|
|a (OCoLC)820695491
|
| 040 |
|
|
|a ABA001
|b cze
|
| 043 |
|
|
|a e-xr---
|b e-xr-pg
|2 czenas
|
| 072 |
|
7 |
|a 94(437)
|x Dějiny Česka a Slovenska
|2 Konspekt
|9 8
|
| 080 |
|
|
|a 711.61
|2 MRF
|
| 080 |
|
|
|a 316.72/.75
|2 MRF
|
| 080 |
|
|
|a 94-021.143
|2 MRF
|
| 080 |
|
|
|a 94(437.311)
|2 MRF
|
| 080 |
|
|
|a (048.8)
|2 MRF
|
| 080 |
|
|
|a (084.12)
|2 MRF
|
| 100 |
1 |
|
|a Fiala, Miloš,
|d 1930-
|7 jk01031016
|4 aut
|
| 245 |
1 |
0 |
|a Staroměstské náměstí v proměnách času /
|c Miloš Fiala ; fotografie Miloš Heyduk
|
| 250 |
|
|
|a Vyd. 1.
|
| 260 |
|
|
|a Praha :
|b BVD,
|c 2012
|
| 300 |
|
|
|a 171 s. :
|b il., portréty, plány ;
|c 30 cm
|
| 650 |
0 |
7 |
|a náměstí
|7 ph138941
|z Česko
|2 czenas
|
| 650 |
0 |
7 |
|a náměstí
|7 ph138941
|x dějiny
|2 czenas
|
| 650 |
0 |
7 |
|a kultura a společnost
|7 ph122010
|z Česko
|2 czenas
|
| 650 |
0 |
7 |
|a události
|7 ph126858
|z Česko
|2 czenas
|
| 650 |
0 |
9 |
|a plazas
|z Czechia
|2 eczenas
|
| 650 |
0 |
9 |
|a plazas
|x history
|2 eczenas
|
| 650 |
0 |
9 |
|a culture and society
|z Czechia
|2 eczenas
|
| 650 |
0 |
9 |
|a events
|z Czechia
|2 eczenas
|
| 651 |
|
7 |
|a Staroměstské náměstí (Praha, Česko)
|7 ge130929
|2 czenas
|
| 651 |
|
7 |
|a Praha (Česko)
|7 ge118011
|x dějiny
|2 czenas
|
| 651 |
|
9 |
|a Staroměstské náměstí (Prague, Czechia)
|2 eczenas
|
| 651 |
|
9 |
|a Prague (Czechia)
|x history
|2 eczenas
|
| 655 |
|
7 |
|a monografie
|7 fd132842
|2 czenas
|
| 655 |
|
7 |
|a fotografické publikace
|7 fd132276
|2 czenas
|
| 655 |
|
9 |
|a monographs
|2 eczenas
|
| 655 |
|
9 |
|a photographical works
|2 eczenas
|
| 700 |
1 |
|
|a Heyduk, Miloš,
|d 1933-2012
|7 ola2003193837
|4 pht
|
| 856 |
4 |
1 |
|u http://www.digitalniknihovna.cz/mzk/uuid/uuid:a7114f70-b842-11e5-b5dc-005056827e51
|y Digitalizovaný dokument
|x NDK
|
| 910 |
2 |
|
|a BOA001
|b 4-1295.179
|
| 990 |
|
|
|a BK
|
| 995 |
|
|
|a 01
|
| 991 |
|
|
|b 201212
|c NOV
|e n
|
| 996 |
6 |
|
|b 2610529012
|c 4-1295.179
|l MZK
|r Sklad / do 1 hodiny
|n 2
|p p.v.
|w 001300012
|u 000010
|a 1
|e BOA001
|j MZK50
|s P
|